| 000 | 01035nam a22003017a 4500 | ||
|---|---|---|---|
| 003 | FranzMayer | ||
| 005 | 20250815183238.0 | ||
| 008 | 250815b |||||||| |||| 00| 0 eng d | ||
| 040 | _cBMFM | ||
| 050 | 4 |
_aN72.S6 _bP54 |
|
| 110 | 2 |
_aMuseo Franz Mayer. _b Arte y diseño. _930021 |
|
| 245 |
_aTesoros de china: _bPorcelana y artes decorativas / _cFranz Mayer. Arte y Diseño |
||
| 260 |
_aBenito Juárez, Ciudad de México _bARGO, _c2023 |
||
| 300 |
_a179 p., _bFotografías a color _c??? |
||
| 500 | _aPrimera edición | ||
| 591 | _aBueno | ||
| 592 | _aBueno | ||
| 593 | _aBueno | ||
| 650 |
_aArte decorativo chino _930022 |
||
| 700 | 1 |
_aDimitrova, Radina _d(1970-) _eAutor _930023 |
|
| 700 | 1 |
_aVillavicencio García, Abraham _eAutor _930024 |
|
| 700 | 1 |
_aCasanova Ciret, Raymundo, _eFotógrafo _930025 |
|
| 700 | 1 |
_aRojo Alemdaro, Gabriel, _eFotógrafo _930026 |
|
| 700 | 1 |
_aMaldonado, Gabriela _eFotógrafa _930027 |
|
| 710 | 1 |
_aMuseo Franz Mayer. Arte y Diseño _eProducción _930028 |
|
| 902 | _aKH | ||
| 942 |
_2lcc _cB |
||
| 999 |
_c11085 _d11085 |
||